Word Ladder: Pink Floyd 1973 Album Quiz Stats

 Plays Quiz Updated Jul 20, 2016

Challenge
Share
Tweet
Embed
Score 0/46 Timer 05:00
0 Plays Today
Clue 4-Letter Word % Correct
☾ Us and ____THEM
95.5%
☾ Clock info or one-word Pink Floyd song ☽TIME
95.5%
Movie star: Jackie ___CHAN
95.4%
Silent performerMIME
95.2%
Lab animalsMICE
94.6%
Richard's nicknameDICK
94.2%
Informal talkCHAT
94%
☾ Pink Floyd drummer: ___ Mason ☽NICK
93.5%
Alcoholic beverage made from grapesWINE
93.5%
Protruding facial featureCHIN
93.4%
It connects two pointsLINE
93.3%
Make a clock start upWIND
93.1%
Southern French cityNICE
92.9%
Actor: ___ RogenSETH
92.4%
Ceramic squareTILE
92.2%
Eight furlongsMILE
92.1%
Without girthTHIN
91.8%
Discover or uncoverFIND
91.3%
☾ Any Colour You ____LIKE
91.3%
It can precede 'art' and 'dining'FINE
91.1%
Afterward or upcomingTHEN
90.6%
Web destinationSITE
90%
Jedi adversariesSITH
90%
Clue 4-Letter Word % Correct
Part in a playROLE
89.6%
A layer of paintCOAT
88.8%
Price to payCOST
87.9%
Appear to beSEEM
87.7%
30+ year-long TV show: 'ABC's ___ World of Sports'WIDE
87.1%
In Volleyball, these happen before spikesSETS
86.3%
☾ '[Rung 1] ____ of the [Rung 46]' ☽SIDE
85.5%
'The A-Team' actor: ___ BenedictDIRK
85.2%
AboundTEEM
84.5%
Cunning or clevernessWILE
84.5%
Anger or invigorateRILE
84.2%
Pretzel makers: ___ GoldROLD
82.9%
Soggy groundMIRE
82.3%
Baltimore crime drama: 'The ___'WIRE
81.6%
Sci-Fi TV show that premiered in 2004LOST
81.2%
☾ '____ [Rung 14] of the [Rung 46] ☽DARK
79.8%
SF-based candy companySEE'S
79.5%
☾ '[Rung 1] [Rung 14] of the ____' ☽MOON
78.6%
Temporary state of mindMOOD
78%
Persevere to the endLAST
75.6%
Victoria or Baikal, e.g.LAKE
74.8%
Large Christian crossROOD
74.2%
Emit a beam of lightLASE
70.6%

Today's Daily Dose

You're not logged in!

Compare scores with friends on all Sporcle quizzes.
OR
Log In

You Might Also Like...

Show Comments

Extras

Top Quizzes Today


Score Distribution

Your Account Isn't Verified!

In order to create a playlist on Sporcle, you need to verify the email address you used during registration. Go to your Sporcle Settings to finish the process.

Report this User

Report this user for behavior that violates our Community Guidelines.

Details: